| 000 | 00669nam a2200193 i 4500 | ||
|---|---|---|---|
| 001 | 50526 | ||
| 003 | ES-MaACL | ||
| 005 | 20230906162209.0 | ||
| 007 | t| | ||
| 008 | 030805s1967 sp ||||1| spa d | ||
| 100 | 1 |
_aChabod, Federico. _937730 |
|
| 245 | 1 | 0 |
_aHistoria de la idea de Europa / _cFederico Chabod ; traducción de José Mª Gimeno sobre la 4ª edición italiana, preparada por Ernesto Sestán y Armando Saitta. |
| 260 |
_a[Madrid] : _bNorte y Sur, _c[1967] |
||
| 300 |
_a203 p. ; _c20 cm. |
||
| 700 | 1 |
_aGimeno, José María. _957081 |
|
| 700 | 1 |
_aSestán, Ernesto. _9105888 |
|
| 700 | 1 |
_aSaitta, Armando. _9101618 |
|
| 852 |
_aES-MaACL _jC-34437 _bR.65043 |
||
| 999 |
_c50526 _d50526 |
||